00629cam a2200217 a 45000010008000000030005000080050017000130080041000300100017000710200031000880400018001190500024001370820020001611000018001812450044001992500012002432600045002553000054003006000039003546000018003932892891NUST20171027121858.0870930s1986 pk acf 000 0beng  a 86931857  cRs15.00 (pbk.)a969416074X aDLCcDLCdDLC00aDS481.I65bA65 198600a954.035092bAHM1 aAhmad, Doris.10aIqbal, as I knew him /cby Doris Ahmad. a1st ed. aLahore :bIqbal Academy Pakistan,c1986. a54 p., [7] p. of plates :bill., ports. ;c22 cm.10aIqbal, Muhammad,cSir,d1877-1938.10aAhmad, Doris.